000 00621nam a2200205 i 4500
001 58602
003 ES-MaACL
005 20250813062713.0
007 t|
008 031023s1981 sp ||||1| spa d
100 1 _aDurrell, Gerald (
_d1925-1995)
_946320
245 1 0 _aBichos y demás parientes /
_cGerald Durrell ; [versión de María Luisa Balseiro].
260 _a[Madrid] :
_bAlianza,
_c[1981]
300 _a259 p. ;
_c20 cm.
490 1 _aAlianza tres ;
_v62
700 1 _aBalseiro, María Luisa.
_925113
830 0 0 _aAlianza tres
_v62
_9177344
852 _aES-MaACL
_jL-2103
_bR.102733
999 _c58602
_d58602